| 000 | 00990nam a2200289 i 4500 | ||
|---|---|---|---|
| 003 | EG-GICUC | ||
| 005 | 20260128215928.0 | ||
| 008 | 260128s1967 sz ||||fr ||| 00| 0 fre d | ||
| 040 |
_aEG-GICUC _cEG-GICUC _dEG-GICUC _erda _bfre |
||
| 041 | 0 | _afre | |
| 082 | 0 | 4 |
_221 _a341.72 _bRE . M |
| 092 | 0 | 4 | _221 |
| 099 | _aLaw1 11 341.72 RE . M 1967 | ||
| 110 |
_aRevue Internationale De La Croix-Rouge _eAuteur |
||
| 245 | 1 | 2 |
_aLes Membres Des Mouvements De Resistance Et Le Droit International / _cRevue Internationale De La Croix-Rouge . |
| 264 | 0 |
_aGeneve : _bRevue Internationale De La Croix-Rouge , _c1967 . |
|
| 300 |
_a51 Pages ; _c30 cm. |
||
| 336 |
_atext _2rda content |
||
| 337 |
_aComputer _2rda media |
||
| 338 |
_aOnline Resource _2rda carrier |
||
| 546 | _aTexte en français | ||
| 650 | 0 | 4 | _aDroit international public |
| 650 | 0 | 4 | _aDéfense - Droit International |
| 856 | _uhttps://fll.law.cu.edu.eg/fulltext/th/B11-06803.pdf | ||
| 905 | _a59 | ||
| 942 |
_2ddc _cBK _e21 _n0 |
||
| 999 |
_c60007 _d60007 |
||